| 000 | 01657cam a22004574i 4500 | ||
|---|---|---|---|
| 003 | PE-LiUPU | ||
| 005 | 20250731172917.0 | ||
| 008 | 150617s r 000 0 d | ||
| 020 | _a8472091694 | ||
| 035 | _a(Sirsi) i9788472091696 | ||
| 040 |
_aPE-LiUPU _bspa _cPE-LiUPU _erda |
||
| 049 | _aPRUA | ||
| 082 | 0 | 4 |
_a261.8 _bU76 _221 |
| 100 | 1 |
_aUreña, Enrique M, _eautor. |
|
| 245 | 1 | 3 |
_aEl neoclericalismo de izquierda : _bo el cristianismo de un engaño inaceptable / _cEnrique M. Ureña. |
| 264 | 1 |
_aMadrid : _bUnión Editorial, _c1984. |
|
| 300 |
_a106 páginas ; _c18 centímetros |
||
| 336 |
_atext _2rdacontent |
||
| 337 |
_aunmediated _2rdamedia |
||
| 338 |
_avolume _2rdacarrier |
||
| 505 | 0 | _aEl engaño inaceptable -- La sospecha inaceptable y la captación periodística e ideológica del lector -- Las argumentaciones "económicas" de un profano en economía -- Después de "El mito del cristianismo socialista". | |
| 526 | _aSEG42 | ||
| 526 | _aSEG41 | ||
| 526 | _aSEG40 | ||
| 526 | _aSEG39 | ||
| 526 | _aP94 | ||
| 526 | _aP87 | ||
| 526 | _aP86 | ||
| 526 | _aP85 | ||
| 526 | _aP77 | ||
| 526 | _aP76 | ||
| 526 | _aP35 | ||
| 650 | 0 | 4 | _aSocialismo y cristianismo. |
| 910 |
_ajck _bjvq _cjck _d20150616 |
||
| 942 |
_2ddc _cBOOK |
||
| 949 |
_a261.8 U76 _wDEWEY _c1 _i27243 _lCCODEBUL1 _mBUL _r0 _sY _tBOOK _u2015-4-22 _xTEOLOGIA _PP35 _0COMPRA _o.STAFF. Colección General |
||
| 994 |
_aC0 _bPEPRU |
||
| 596 | _a1 | ||
| 999 |
_a261.8 U76 _wDEWEY _c18668 _i27243 _f2021-11-12 _g5 _lCCODEBUL1 _mBUL _r0 _sY _tBOOK _u2015-4-22 _xTEOLOGIA _PP35 _0COMPRA _o.STAFF. Colección General _d18668 |
||
| 980 |
_81 _gALBERTO SANCHEZ Responsable de Automatización |
||